000 00648nam a2200229Ia 4500
003 OSt
005 20221005133304.0
006 a|||||r|||| 00| 0
007 ta
008 221004b |||||||| |||| 00| 0 eng d
024 _a58941
037 _cTextual
040 _aCRL
_cCRL
_beng
041 _2eng
_aeng
082 _aU8:241:M9, E9
100 _aKnight E F
_995236
245 0 _aWhere three empires meet
_b A narrative of recent travel in Kashmir Western Tibet Gilgit and the adjoining countries.
260 _c1929
650 _aGEOGRAPHY
942 _hU8:241:M9, E9
_cTEXL
_2cc
999 _c1066350
_d1066350